Contribuţii experimentale la studiul imunităţii în malarie /

Uložené v:
Podrobná bibliografia
Ďalší autori: Ciucă, M. (Editor)
Médium: Kniha
Jazyk:Romanian
Vydané: Bucureşti : Editura Academiei Republicii Populare Române, 1955.
Vydanie:1. ediție
ISBN: (viaz.)
Fyzický popis: 356 s.
Tagy: Pridať tag
Žiadne tagy, Buďte prvý kto otaguje tento záznam!

MARC

LEADER 00000nam a22000002a 4500
001 000469607
005 20150516104630.0
008 100405s1955 rm e 000 0 rum d
020 |a (viaz.) 
040 |a SVKKK  |b slo  |c SVKKK  |e AACR2 
041 0 |a rum 
044 |a rm  |c RO 
245 0 0 |a Contribuţii experimentale la studiul imunităţii în malarie /  |c sub redacia M. Ciucă. 
250 |a 1. ediție 
260 |a Bucureşti :  |b Editura Academiei Republicii Populare Române,  |c 1955. 
300 |a 356 s. 
700 1 |a Ciucă, M.  |4 edt 
910 |a svkkk 
998 |a BK 
090 |g SCKHL  |k Sklad Pribinova 1. posch.  |a IV.20941  |j 187026  |i 469607-10  |s Prezenčne